Loading...
Asan: Navodhanathinde Kavi
| Main Author: | |
|---|---|
| Format: | Printed Book |
| Language: | Malayalam |
| Published: |
Kottayam
SPSS
2000
|
| LEADER | 00459nam a2200121Ia 4500 | ||
|---|---|---|---|
| 008 | 111204s9999 xx 000 0 mal d | ||
| 100 | |a Sankaran,Thayattu | ||
| 245 | |a Asan: Navodhanathinde Kavi |c Sankaran ,Thayatt' | ||
| 260 | |b SPSS |a Kottayam |c 2000 | ||
| 300 | |a 302 | ||
| 942 | |c BK | ||
| 999 | |c 226899 |d 226899 | ||
| 952 | |0 0 |1 0 |2 ddc |4 0 |6 851_090000000000000_SAN_A |7 0 |9 250491 |a MAL |b MAL |c ST1 |d 2007-12-12 |g 0.00 |l 11 |o 851.09 SAN/A |p MAL28435 |r 2021-10-13 |s 2021-10-05 |v 122.00 |w 2011-12-05 |y BK | ||